| 000 | 00667cam3a220021700 4500 | ||
|---|---|---|---|
| 001 | tmp15413900 | ||
| 003 | UPRA | ||
| 005 | 20190816095510.0 | ||
| 008 | 950809s1953 sw eng u | ||
| 035 | _a(Sirsi) r38758 | ||
| 035 | _a(UPRA)tmp15413900 | ||
| 040 | _cUPRA | ||
| 100 | 1 |
_aAnderson, Efraim. _6A100189.1 |
|
| 245 | 1 | 0 |
_aContribution a l'ethnographie des Kuta. _nI. |
| 260 |
_a[Uppsala : _bAluqvist & Wiksells Boktryckeri], _c1953. |
||
| 440 | 0 |
_aStudia ethnographica upsaliensia ; _v6 _6S5364.2 |
|
| 504 | _aBibliography: p. xvi-xxiii. | ||
| 650 | 0 |
_aKota (African people) _6S6329.1 |
|
| 949 |
_aDT650 _wlcc _i-46416 _mMAIN _tBOOK _lON-SHELF |
||
| 004 | 38758 | ||
| 999 |
_c84484 _d84484 |
||